000 00571cam a22001694a 4500
020 _a1931686777
050 0 0 _aRF 361
_b.S67 2005
100 1 _aSpring, Justin.
245 1 4 _aThe little cold book :
_badvice, remedies, & bedside amusements /
_cby Justin Spring.
260 _aPhiladelphia, Pa. :
_bQuirk,
_cc2005.
300 _a128 p. :
500 _aIncludes index.
650 0 _vPopular works.
856 4 2 _uhttp://www.loc.gov/catdir/enhancements/fy0722/2004104499-d.html
856 4 2 _uhttp://www.loc.gov/catdir/enhancements/fy0732/2004104499-b.html
942 _2lcc
_cGEN
999 _c5326
_d5326